000 01281nam a2200349 c 4500
999 _c182960
_d182960
003 BLK
005 20230813003912.0
008 180411b bul|||||r ||||||| ||bul||
010 _aKNG00191885000
040 _aBLK
041 _aBUL
_cBUL
072 7 _2bullib
_aА
_xФонд Михаил Арнаудов
080 _aБългарска литература
_b821.163.2
_x-1
_z821.163.2-1
100 1 _aГерманов, Андрей Димитров
_d1932-1981
_953612
139 _aГерманов, Андрей Димитров
_bГ 40
245 1 0 _aКълнове
_bСтихотворения
_cАндрей Димитров Германов.
257 _aBGR
260 _bНар. младеж
_c1959
300 _a64 с.
_c18 см
380 _aX
490 _9396381
_aЧастна колекция - Академик Михаил Арнаудов
_gДарение - Основен фонд
500 _aФонд Михаил Арнаудов - Мека подв.
659 _aА
852 _aЦб I 2949
852 _aМА 623
_bМА
856 4 _qpdf
856 4 _qpdf
942 _cKNG
_n0
_s1
944 _aCR
_c07.10.2016
_k
_lCRON CRON
944 _aED
_c14.03.2017
_kГеновева_Генчева
999 _d182960